Rural infrastucture : (Record no. 6210)

MARC details
000 -LEADER
fixed length control field 00577cam a2200217ua 4500
008 - FIXED-LENGTH DATA ELEMENTS--GENERAL INFORMATION
fixed length control field 141122n ii |||gr||||Z||||||eng
020 ## - INTERNATIONAL STANDARD BOOK NUMBER
International Standard Book Number 9788176257633
040 ## - CATALOGING SOURCE
Transcribing agency MAIN
041 ## - LANGUAGE CODE
-- eng
082 ## - DEWEY DECIMAL CLASSIFICATION NUMBER
Classification number 333
100 ## - MAIN ENTRY--PERSONAL NAME
Personal name Verma, Sawalia Bihari,
Relator term
245 1# - TITLE STATEMENT
Title Rural infrastucture :
Remainder of title Irrigation /
Statement of responsibility, etc. Edited by Sawalia Bihari Verma .
250 ## - EDITION STATEMENT
Edition statement 1st.
260 ## - PUBLICATION, DISTRIBUTION, ETC.
Place of publication, distribution, etc. New Delhi:
Name of publisher, distributor, etc. Sarup book,
Date of publication, distribution, etc. 2011.
300 ## - PHYSICAL DESCRIPTION
Extent xiii,396p.
700 ## - ADDED ENTRY--PERSONAL NAME
Personal name Thrambakam, P.,
Relator term
700 ## - ADDED ENTRY--PERSONAL NAME
Personal name Lahori, S.,
Relator term
942 ## - ADDED ENTRY ELEMENTS (KOHA)
Koha item type Books
653 ## - INDEX TERM--UNCONTROLLED
Uncontrolled term Rural infrastucture
Holdings
Withdrawn status Lost status Damaged status Not for loan Home library Current library Shelving location Date acquired Total Checkouts Full call number Barcode Date last seen Copy number Price effective from Koha item type
        Central Library, Naharkatiya College Central Library, Naharkatiya College General Stacks 19/09/2020   333.76 | RUR 20807 19/09/2020 1 19/09/2020 Books

Naharkatiya College © 2020. All rights reserved.

Powered By